Mappings in thought and language
Guardat en:
| Autor principal: | |
|---|---|
| Format: | Llibre |
| Idioma: | anglès |
| Publicat: |
Cambridge
Cambridge University
1997
|
| Matèries: | |
| Etiquetes: |
Afegir etiqueta
Sense etiquetes, Sigues el primer a etiquetar aquest registre!
|
MARC
| LEADER | 00000nam a2200000 a 4500 | ||
|---|---|---|---|
| 001 | UCO9186 | ||
| 003 | CL-VaPUC | ||
| 008 | 010119e19970000UK |||||||||||||||||eng|d | ||
| 082 | 0 | 4 | |a 153.4 |b FAU |2 21 |
| 100 | 0 | |a Fauconnier, Gilles |e author |9 454180 | |
| 245 | 1 | 0 | |a Mappings in thought and language |
| 300 | |a 205 p | ||
| 942 | |c BK | ||
| 945 | |d 20010119 00:00:00 |a cmena | ||
| 260 | |a Cambridge |b Cambridge University |c 1997 | ||
| 650 | 0 | |a Psicología cognitiva |9 306250 | |
| 650 | 0 | |a Interpretación |9 258846 | |
| 650 | 0 | |a Antropología filosófica |9 265842 | |
| 650 | 0 | |a Semántica |9 265318 | |
| 583 | |a last modification |c 20121001 10:44:38 |k Rodrigo Vera | ||
| 999 | |c 293465 |d 293463 | ||
| 952 | |0 0 |1 0 |4 0 |6 153_400000000000000_FAU_1997 |7 0 |8 A |9 345019 |a FDOPOS |b FDOPOS |d 2019-11-20 |i 368086K |o 153.4 FAU 1997 |p 368086K |r 2025-01-22 |w 2019-11-20 |y BK |k MLA | ||
| 952 | |0 0 |1 0 |4 0 |6 153_400000000000000_FAU_1997 |7 0 |8 A |9 345020 |a FDOPOS |b FDOPOS |d 2019-11-20 |i 3719642 |o 153.4 FAU 1997 |p 3719642 |r 2025-01-22 |w 2019-11-20 |y BK |k MLA | ||